LEADER 01278nam0 22002891i 450 001 UON00035658 005 20231205102121.610 010 $a88-7078-227-1 100 $a20020107d1992 |0itac50 ba 101 $aita 102 $aIT 105 $a|||| 1|||| 200 1 $aˆIl ‰libro della condivisione$fEdmond Jabès 210 $aMilano$cRaffaello Cortina Editore$dc1992 138 p. ; 19 cm Trad. dal francese$etit.: Le livre du partage. Paris$cGallimard$d1987) 410 1$1001UON00035740$12001 $aMinima$1210 $aMilano$cRaffello Cortina Editore$d19 - v. ; cm 500 1$3UON00355308$aˆLe ‰livre du partage$929784 606 $aLetteratura ebraica$xPoesia $xSec. 20$3UONC009278$2FI 620 $aIT$dMilano$3UONL000005 686 $aSEB VI DA$cStudi ebraici - Letteratura - Periodo moderno e contemporaneo - testi$2A 700 1$aJABES$bEdmomd$3UONV022979$0646546 712 $aCortina Editore$3UONV249985$4650 801 $aIT$bSOL$c20251031$gRICA 899 $aSIBA - SISTEMA BIBLIOTECARIO DI ATENEO$2UONSI 912 $aUON00035658 950 $aSIBA - SISTEMA BIBLIOTECARIO DI ATENEO$dSI SEB VI DA 124 N $eSI SA 88384 5 124 N 996 $aLivre du partage$929784 997 $aUNIOR